Statistics for Japan by Picture

Click here to take the quiz!

General Stats

  • This quiz has been taken 12,128 times
    (12,105 since last reset)
  • The average score is 13 of 18

Answer Stats

Answer% Correct
Sumo
99%
Sushi
98%
Mount Fuji
95%
Origami
93%
Toyota
92%
Pokémon
88%
Cherry Blossom
84%
Samurai
84%
Kimono
80%
{Bullet} Train
78%
Kyoto
67%
Shinto
67%
Hokkaido
66%
Hirohito
64%
Shinzō Abe
50%
Zen
44%
Japanese {Macaque}
28%
Tokyo Sky Tree
21%

Score Distribution

Percentile by Number Answered

Percent of People with Each Score

Your Score History

You have not taken this quiz since the last reset